[Event "IECC CL4-2002.03"]
[Site "IECC email"]
[Date "2002.01.25"]
[Round "?"]
[White "Dereque, Kelley"]
[Black "Melia, Ken"]
[Result "0-1"]
[WhiteElo "1700"]
[BlackElo "1700"]
[PlyCount "44"]
[EventDate "2002.??.??"]
[EventType "tourn (corr)"]
[EventRounds "4"]
[SourceTitle "Corr 2008"]
[Source "ChessBase"]
[SourceDate "2008.06.24"]
[SourceVersion "1"]
[SourceVersionDate "2008.06.24"]
[SourceQuality "1"]

1. d4 d5 2. c4 c6 3. Nf3 Nf6 4. Nc3 e6 5. Bg5 h6 6. Bxf6 Qxf6 7. e3 Nd7 8. Bd3 dxc4 9. Bxc4 g6 10. 0-0 Bg7 11. Rc1 0-0 12. e4 Qe7 13. Qe2 b5 14. Bd3 b4 15. Nd1 c5 16. dxc5 Nxc5 17. a3 Rd8 18. Bc4 Bb7 19. Nd2 bxa3 20. bxa3 Na4 21. Bb5 Qxa3 22. Bxa4 Qxc1 0-1